Moshe Dayan : (Record no. 27753)

MARC details
000 -LEADER
campo de control de longitud fija 01244cam a2200313 4500
001 - NÚMERO DE CONTROL
campo de control 2619
005 - FECHA Y HORA DE LA ÚLTIMA TRANSACCIÓN
campo de control 20230410103902.0
008 - DATOS DE LONGITUD FIJA--INFORMACIÓN GENERAL
campo de control de longitud fija 060907s1976 nyu eng
020 ## - NÚMERO INTERNACIONAL ESTÁNDAR DEL LIBRO
Número Internacional Estándar del Libro 0688030769
035 ## - NÚMERO DE CONTROL DEL SISTEMA
-- funglode2629
041 ## - CÓDIGO DE IDIOMA
Código de lengua del texto/banda sonora o título independiente eng
050 14 - SIGNATURA TOPOGRÁFICA DE LA BIBLIOTECA DEL CONGRESO
Número de clasificación 416 DS 126.6
Número de ítem D275 1976
082 00 - NÚMERO DE LA CLASIFICACIÓN DECIMAL DEWEY
Número de clasificación 956.94/05/0924
100 1# - ENTRADA PRINCIPAL--NOMBRE DE PERSONA
Nombre de persona Dayan, Moshe,
Fechas asociadas al nombre 1915-1981.
245 10 - MENCIÓN DEL TÍTULO
Título Moshe Dayan :
Resto del título story of my life /
Mención de responsabilidad, etc. Moshe Dayan
260 ## - PUBLICACIÓN, DISTRIBUCIÓN, ETC.
Lugar de publicación, distribución, etc. New York :
Nombre del editor, distribuidor, etc. William Morrow and Company,
Fecha de publicación, distribución, etc. 1976
240 10 - TÍTULO UNIFORME
Título uniforme Story of my life
245 00 - MENCIÓN DEL TÍTULO
Título Moshe Dayan :
Resto del título story of my life /
Mención de responsabilidad, etc. by Moshe Dayan.
300 ## - DESCRIPCIÓN FÍSICA
Extensión 640 p.
520 ## - RESUMEN, ETC.
Sumario, etc. Underground to freedom (1915-1948), 21. -- Independence (1948-1952), 87. -- Chief of staff (1953-1957), 171. -- From minister to private citizen (1958-1967), 263. -- The six day war (1967), 287. -- Open bridges (1967-1973), 385. -- The yom kippur war (1973), 459. -- Aftermath (1973-1975), 543
600 14 - PUNTO DE ACCESO ADICIONAL DE MATERIA--NOMBRE DE PERSONA
Nombre de persona Dayan, Moshe,
Fechas asociadas al nombre 1915-1981
650 #4 - PUNTO DE ACCESO ADICIONAL DE MATERIA--TÉRMINO DE MATERIA
Término de materia o nombre geográfico como elemento de entrada Presidentes
Subdivisión geográfica Israel
Subdivisión de forma Biografías
650 #4 - PUNTO DE ACCESO ADICIONAL DE MATERIA--TÉRMINO DE MATERIA
Término de materia o nombre geográfico como elemento de entrada Generales
Subdivisión geográfica Israel
Subdivisión de forma Biografías
600 10 - PUNTO DE ACCESO ADICIONAL DE MATERIA--NOMBRE DE PERSONA
Nombre de persona Dayan, Moshe,
Fechas asociadas al nombre 1915-1981.
650 #0 - PUNTO DE ACCESO ADICIONAL DE MATERIA--TÉRMINO DE MATERIA
Término de materia o nombre geográfico como elemento de entrada Statesmen
Subdivisión geográfica Israel
Subdivisión general Biography.
650 #0 - PUNTO DE ACCESO ADICIONAL DE MATERIA--TÉRMINO DE MATERIA
Término de materia o nombre geográfico como elemento de entrada Generals
Subdivisión geográfica Israel
Subdivisión general Biography.
651 #0 - PUNTO DE ACCESO ADICIONAL DE MATERIA--NOMBRE GEOGRÁFICO
Nombre geográfico Israel
Subdivisión general Armed Forces
-- Biography.
942 ## - ELEMENTOS DE ENTRADA SECUNDARIOS (KOHA)
Fuente del sistema de clasificación o colocación Clasificación de Library of Congress
Tipo de ítem Koha
Holdings
Estatus retirado Estado de pérdida Fuente del sistema de clasificación o colocación Estado de daño No para préstamo Colección Biblioteca de origen Biblioteca actual Ubicación en estantería Fecha de adquisición Serial enumeration / chronology Signatura topográfica completa Código de barras Visto por última vez Copia número Tipo de ítem Koha
    Clasificación de Library of Congress     Recursos Regionales Biblioteca Juan Bosch Biblioteca Juan Bosch Recursos Regionales (2do. Piso) 23/10/2018 1 416 DS 126.6 D275 1976 00000000739 23/10/2018 1